[Event "EU-ch U12 26th"]
[Site "Prague"]
[Date "2016.08.20"]
[Round "3"]
[White "Slivka, David"]
[Black "Motiu, Victor"]
[Result "0-1"]
[WhiteElo "1524"]
[BlackElo "1774"]
[PlyCount "94"]
[EventDate "2016.08.18"]
[EventType "swiss"]
[EventRounds "9"]
[EventCountry "CZE"]
[SourceTitle "CBM 174 Extra"]
[Source "ChessBase"]
[SourceDate "2016.10.10"]
[SourceVersion "1"]
[SourceVersionDate "2016.10.10"]
[SourceQuality "1"]

1. e4 c5 2. Nf3 e6 3. c4 Nc6 4. Nc3 a6 5. d3 d6 6. Be3 Nf6 7. Be2 Be7 8. 0-0 0-0 9. d4 cxd4 10. Nxd4 Qc7 11. b3 Bd7 12. Qd2 Nxd4 13. Qxd4 Rac8 14. Rac1 Qb8 15. Rfd1 Rfd8 16. f4 Bc6 17. Bf3 Ne8 18. Qd2 Nf6 19. Qf2 Nd7 20. Rd3 Nc5 21. Rd2 a5 22. Rcd1 b6 23. Qg3 g6 24. f5 Qb7 25. fxg6 hxg6 26. Qg4 Nd7 27. Kh1 Ne5 28. Qg3 Bf6 29. Ne2 Bxe4 30. Bxe4 Qxe4 31. Bxb6 Rf8 32. Nc3 Qb7 33. Rxd6 Nc6 34. Bc5 Be5 35. Qh4 Bxc3 36. Rd7 Qb8 37. Bxf8 Rxf8 38. R1d3 Qe5 39. Rh3 Qe1+ 40. Qxe1 Bxe1 41. Kg1 Bb4 42. Rc7 Ne5 43. Kf2 Rd8 44. Ke3 Ng4+ 45. Ke4 Nf2+ 46. Kf3 Nxh3 47. gxh3 Rd3+ 0-1

[Event "EU-ch U12 26th"]
[Site "Prague"]
[Date "2016.08.18"]
[Round "1"]
[White "Mitev, Valentin"]
[Black "Motiu, Victor"]
[Result "1-0"]
[WhiteElo "2119"]
[BlackElo "1774"]
[PlyCount "75"]
[EventDate "2016.08.18"]
[EventType "swiss"]
[EventRounds "9"]
[EventCountry "CZE"]
[SourceTitle "CBM 174 Extra"]
[Source "ChessBase"]
[SourceDate "2016.10.10"]
[SourceVersion "1"]
[SourceVersionDate "2016.10.10"]
[SourceQuality "1"]

1. d4 d5 2. Nf3 e6 3. c4 Nf6 4. Nc3 Be7 5. Bg5 0-0 6. e3 b6 7. cxd5 Nxd5 8. Bxe7 Qxe7 9. Rc1 Bb7 10. Bd3 c6 11. Ne5 Nf6 12. Ne4 Nxe4 13. Bxe4 Rc8 14. 0-0 f6 15. Nd3 Nd7 16. Qb3 Nf8 17. Rc3 Rc7 18. Rfc1 Rac8 19. a4 Qf7 20. Qa3 Nd7 21. Qd6 Nb8 22. a5 Qe7 23. Qg3 Nd7 24. Nf4 e5 25. Nd5 cxd5 26. Rxc7 Rxc7 27. Rxc7 dxe4 28. Rxb7 Qd6 29. h3 g6 30. Qg4 f5 31. Qh4 Nf8 32. Qh6 Qf6 33. d5 f4 34. a6 f3 35. Rxa7 fxg2 36. Qg7+ Qxg7 37. Rxg7+ Kxg7 38. a7 1-0

[Event "EU Union-ch U10"]
[Site "Kouty nad Desnou"]
[Date "2015.08.27"]
[Round "9"]
[White "Motiu, Victor"]
[Black "Brnusak, Tomas"]
[Result "1-0"]
[WhiteElo "1675"]
[BlackElo "1647"]
[PlyCount "101"]
[EventDate "2015.08.19"]
[EventType "swiss"]
[EventRounds "9"]
[EventCountry "CZE"]
[SourceTitle "EXT 2016"]
[Source "ChessBase"]
[SourceDate "2015.10.08"]
[SourceVersion "1"]
[SourceVersionDate "2015.10.08"]
[SourceQuality "1"]

1. c4 Nf6 2. Nf3 g6 3. Nc3 Bg7 4. d4 d6 5. e4 0-0 6. Be2 e5 7. 0-0 Re8 8. dxe5 dxe5 9. h3 Nc6 10. Be3 b6 11. Qd2 Qxd2 12. Nxd2 Nd4 13. Rac1 Bb7 14. Bd3 Rad8 15. Bb1 c5 16. Rfe1 Bc6 17. b3 Kh8 18. Kh1 Ng8 19. Nd5 Bxd5 20. cxd5 Ne7 21. Bd3 f5 22. f3 f4 23. Bf2 Nc8 24. Kg1 Nd6 25. Nc4 Nxc4 26. bxc4 Bf6 27. Ra1 Kg7 28. Reb1 Rh8 29. a4 Rdg8 30. a5 Bd8 31. Bxd4 exd4 32. axb6 Bxb6 33. e5 h5 34. Re1 Rh6 35. h4 Kf7 36. Re4 g5 37. hxg5 Rxg5 38. Rxf4+ Ke7 39. Bf5 h4 40. d6+ Ke8 41. Re1 h3 42. g4 Ba5 43. Rb1 Bb4 44. Rxd4 h2+ 45. Kh1 Rh4 46. Rd5 Rg7 47. e6 Rh3 48. e7 Rg8 49. Be6 Rgh8 50. Rxb4 Rxf3 51. Rb8# 1-0

[Event "EU Union-ch U10"]
[Site "Kouty nad Desnou"]
[Date "2015.08.26"]
[Round "8"]
[White "Andrijashkin, Deniss"]
[Black "Motiu, Victor"]
[Result "1/2-1/2"]
[WhiteElo "1553"]
[BlackElo "1675"]
[PlyCount "205"]
[EventDate "2015.08.19"]
[EventType "swiss"]
[EventRounds "9"]
[EventCountry "CZE"]
[SourceTitle "EXT 2016"]
[Source "ChessBase"]
[SourceDate "2015.10.08"]
[SourceVersion "1"]
[SourceVersionDate "2015.10.08"]
[SourceQuality "1"]

1. d4 d5 2. c4 e6 3. Nc3 Nf6 4. cxd5 exd5 5. Bg5 Nbd7 6. Qc2 c6 7. e3 Be7 8. Bd3 0-0 9. Nge2 Re8 10. 0-0-0 Nf8 11. h3 g6 12. g4 Ne6 13. Bh6 Bf8 14. Bxf8 Nxf8 15. Ng3 Ne6 16. Qd2 Ng5 17. f4 Nge4 18. Ncxe4 Nxe4 19. Nxe4 dxe4 20. Bc4 Be6 21. Bxe6 Rxe6 22. f5 Rf6 23. fxg6 hxg6 24. Rhf1 Rxf1 25. Rxf1 Qd5 26. Kb1 c5 27. Rd1 Rd8 28. Qe2 a6 29. Qc2 b6 30. Ka1 b5 31. Kb1 Kf8 32. Ka1 a5 33. Kb1 c4 34. Rc1 Rc8 35. Qf2 Kg7 36. h4 b4 37. h5 c3 38. hxg6 fxg6 39. Rf1 Qe6 40. d5 Qe7 41. d6 Qe6 42. d7 Rd8 43. Qh4 Rxd7 44. Rh1 c2+ 45. Kc1 Rd1+ 46. Rxd1 cxd1Q+ 47. Kxd1 b3 48. axb3 Qxb3+ 49. Kc1 Qxe3+ 50. Kb1 Qd3+ 51. Ka1 Qd1+ 52. Ka2 Qd7 53. g5 Qe6+ 54. Ka1 e3 55. Qd4+ Kf7 56. Qa7+ Qe7 57. Qxa5 e2 58. Qd5+ Kf8 59. Qf3+ Kg7 60. Qc3+ Kg8 61. Qb3+ Kf8 62. Qf3+ Ke8 63. Qc6+ Kd8 64. Qb6+ Kc8 65. Qc6+ Kb8 66. Qb6+ Ka8 67. Qc6+ Ka7 68. Qa4+ Kb6 69. Qd4+ Kb5 70. Qd5+ Kb4 71. Qd4+ Ka5 72. Qd5+ Kb6 73. Qb3+ Kc7 74. Qc4+ Kd6 75. Qd4+ Ke6 76. Qe4+ Kf7 77. Qf3+ Kg8 78. Qb3+ Kg7 79. Qc3+ Kh7 80. Qh3+ Kg8 81. Qb3+ Kf8 82. Qf3+ Ke8 83. Qc6+ Kd8 84. Qb6+ Kd7 85. Qb5+ Kc7 86. Qc4+ Kb6 87. Qb3+ Ka5 88. Qd5+ Kb4 89. Qd4+ Ka5 90. Qd5+ Kb6 91. Qb3+ Ka6 92. Qc4+ Ka7 93. Qa4+ Kb7 94. Qb5+ Ka8 95. Qc6+ Kb8 96. Qb5+ Kc7 97. Qc4+ Kb6 98. Qb3+ Ka5 99. Qd5+ Kb4 100. Qd4+ Kb3 101. Qd3+ Ka4 102. Qc4+ Ka5 103. Qd5+ 1/2-1/2

[Event "EU Union-ch U10"]
[Site "Kouty nad Desnou"]
[Date "2015.08.24"]
[Round "6"]
[White "Toth, Nikoletta"]
[Black "Motiu, Victor"]
[Result "0-1"]
[WhiteElo "1469"]
[BlackElo "1675"]
[PlyCount "96"]
[EventDate "2015.08.19"]
[EventType "swiss"]
[EventRounds "9"]
[EventCountry "CZE"]
[SourceTitle "EXT 2016"]
[Source "ChessBase"]
[SourceDate "2015.10.08"]
[SourceVersion "1"]
[SourceVersionDate "2015.10.08"]
[SourceQuality "1"]

1. e4 c5 2. Nf3 d6 3. d4 cxd4 4. Nxd4 Nf6 5. Nc3 a6 6. a3 e6 7. Be2 Be7 8. Be3 Qc7 9. f4 Nc6 10. 0-0 0-0 11. Kh1 Bd7 12. Qe1 Rfe8 13. Qg3 Rac8 14. Rad1 Bf8 15. Nxc6 Bxc6 16. e5 dxe5 17. fxe5 Ne4 18. Nxe4 Bxe4 19. Qf4 Bxc2 20. Rc1 Qd7 21. b4 b5 22. Rf3 Bb3 23. Rcf1 Rc7 24. Rh3 Bc2 25. Bh5 Bf5 26. Bg4 Bxg4 27. Qxg4 Qd5 28. Qh5 h6 29. Rg3 Qd3 30. Rg1 Qh7 31. Qd1 Rec8 32. Rf1 Kh8 33. Bd2 Rd7 34. Qe1 Rcd8 35. Rf2 Rxd2 36. Rxd2 Rxd2 37. Rc3 Rd8 38. Rc6 Qe4 39. Rc1 Qxe1+ 40. Rxe1 Rd3 41. Ra1 Re3 42. h3 Rxe5 43. Rc1 Re3 44. a4 bxa4 45. Rc8 Kg8 46. Ra8 Rb3 47. Rxa6 Rxb4 48. Rc6 a3 0-1

[Event "EU Union-ch U10"]
[Site "Kouty nad Desnou"]
[Date "2015.08.20"]
[Round "2"]
[White "Povilaitis, Tomas"]
[Black "Motiu, Victor"]
[Result "1-0"]
[WhiteElo "1551"]
[BlackElo "1675"]
[PlyCount "61"]
[EventDate "2015.08.19"]
[EventType "swiss"]
[EventRounds "9"]
[EventCountry "CZE"]
[SourceTitle "EXT 2016"]
[Source "ChessBase"]
[SourceDate "2015.10.08"]
[SourceVersion "1"]
[SourceVersionDate "2015.10.08"]
[SourceQuality "1"]

1. e4 c5 2. d4 cxd4 3. c3 dxc3 4. Nxc3 Nc6 5. Nf3 d6 6. Bc4 e6 7. 0-0 Be7 8. Qe2 a6 9. Rd1 Qc7 10. Bf4 Na5 11. Bd3 Bd7 12. Rac1 Qb8 13. Bb1 b5 14. e5 d5 15. Nxd5 exd5 16. e6 Qxf4 17. exd7+ Kd8 18. Ne5 Nh6 19. Qe1 Bb4 20. Qe2 Bd6 21. Nf3 Nb7 22. Qc2 Bc5 23. Rxd5 Ng4 24. Rxc5 Nxc5 25. Qxc5 f6 26. Qc8+ Ke7 27. Re1+ Kf7 28. Qb7 Rhd8 29. Qd5+ Kf8 30. Bxh7 g5 31. Qg8# 1-0

[Event "ROM-ch U10"]
[Site "Calimanesti"]
[Date "2015.04.03"]
[Round "6"]
[White "Motiu, Victor"]
[Black "Vilcu, Matei Stefan"]
[Result "0-1"]
[WhiteElo "1649"]
[BlackElo "1651"]
[PlyCount "98"]
[EventDate "2015.03.30"]
[EventType "swiss"]
[EventRounds "9"]
[EventCountry "ROU"]
[SourceTitle "CBM 165 Extra"]
[Source "ChessBase"]
[SourceDate "2015.04.21"]
[SourceVersion "1"]
[SourceVersionDate "2015.04.21"]
[SourceQuality "1"]

1. d4 Nf6 2. c4 g6 3. Nc3 Bg7 4. e4 d6 5. Nf3 0-0 6. Be2 e5 7. dxe5 dxe5 8. 0-0 Nbd7 9. Qc2 c6 10. h3 Qe7 11. Be3 Nc5 12. Rfd1 Nh5 13. Rac1 Nf4 14. Bf1 f5 15. Nd2 Nce6 16. a3 Nd4 17. Qb1 Nfe6 18. b4 f4 19. Bxd4 Nxd4 20. Ne2 f3 21. Nxd4 fxg2 22. Bxg2 exd4 23. Qd3 Qf6 24. Rf1 Bh6 25. Rcd1 Be6 26. c5 Rad8 27. Nc4 Bf4 28. Nd2 Qf7 29. Kh1 Bxd2 30. Qxd2 Bc4 31. Rfe1 Qxf2 32. Qxf2 Rxf2 33. Kg1 Ra2 34. Ra1 Rc2 35. Rac1 d3 36. Rxc2 dxc2 37. Bf3 Bb3 38. Kf2 Rd1 39. Rxd1 cxd1Q 40. Bxd1 Bxd1 41. Ke3 Kf7 42. Kf4 Kf6 43. h4 h6 44. e5+ Ke6 45. Ke4 g5 46. hxg5 hxg5 47. Kd4 g4 48. Ke4 g3 49. Ke3 Kxe5 0-1

[Event "ROM-ch U10"]
[Site "Calimanesti"]
[Date "2015.03.30"]
[Round "1"]
[White "Stangu, Razvan Florin"]
[Black "Motiu, Victor"]
[Result "0-1"]
[WhiteElo "1189"]
[BlackElo "1649"]
[PlyCount "54"]
[EventDate "2015.03.30"]
[EventType "swiss"]
[EventRounds "9"]
[EventCountry "ROU"]
[SourceTitle "CBM 165 Extra"]
[Source "ChessBase"]
[SourceDate "2015.04.21"]
[SourceVersion "1"]
[SourceVersionDate "2015.04.21"]
[SourceQuality "1"]

1. d4 d5 2. Bf4 c6 3. e3 Bf5 4. Bd3 Bxd3 5. cxd3 Nd7 6. Nf3 Ngf6 7. 0-0 g6 8. Nbd2 Bg7 9. Qb3 Qb6 10. Qc2 0-0 11. b3 Nh5 12. Bg5 Rfe8 13. a3 Rac8 14. Rab1 c5 15. Qb2 cxd4 16. exd4 e6 17. Rbc1 a6 18. b4 Rc6 19. Nb3 Rec8 20. Na5 R6c7 21. Be7 h6 22. Bc5 Nxc5 23. dxc5 Bxb2 24. cxb6 Rxc1 25. Nxb7 Rxf1+ 26. Kxf1 Rb8 27. Nc5 Rxb6 0-1